The yearbook of South Asian languages and linguistics

Αποθηκεύτηκε σε:
Λεπτομέρειες βιβλιογραφικής εγγραφής
Άλλοι συγγραφείς: Singh, Rajendra 1943- (Επιμελητής έκδοσης)
Μορφή: Βιβλίο
Γλώσσα:English
Δημοσίευση: New Delhi : Sage Publications, c1998
Θέματα:
Ετικέτες: Προσθήκη ετικέτας
Δεν υπάρχουν, Καταχωρήστε ετικέτα πρώτοι!

MARC

LEADER 00000nam a2200000 i 4500
001 1/13829
008 001129s1998 eng d
020 |a 0-7619-9231-6 
035 |l 10064767 
040 |a GR-MY-UA  |b gre  |e aacr 
041 0 |a eng 
082 0 |a 409.5405 
245 1 4 |a The yearbook of South Asian languages and linguistics /  |c chief editor Rajendra Singh 
260 |a New Delhi :   |b Sage Publications,   |c c1998 
300 |a 274 p.;  |c 25 cm. 
650 0 0 |a Indo-Aryan languages. 
650 0 0 |a Indo-Aryan languages, Modern. 
650 0 0 |a Sociolinguistics  |z South Asia. 
651 0 |a South Asia  |x Languages  |x Semantics. 
700 1 |a Singh, Rajendra  |d 1943-  |4 edt 
852 |a INST  |b LESVOS  |e 20001129  |h 409.5405 YEA  |p 005100029014  |q 005100029014  |t BK  |y 0 
901 |a BIBL1-2001-1 
909 |a Λ  |b 082806 
922 |a 1ΕΛΗ  |b 200011  |c ΤΑΚ/ΠΤΕ  |d ΜΙΧΑΛΟΠΟΥΛΟΣ 
950 |a 185-2000-09-13 
970 |a ΤΖΑΦΕΡΗ  |b ΕΥΑΓΓΕΛΙΑ  |z 2001/03/30